| 000 | 00689cam a22002171i 4500 | ||
|---|---|---|---|
| 001 | sa 64000653 | ||
| 003 | DLC | ||
| 005 | 20260227111957.0 | ||
| 008 | 821108s1959 io 000 0 ind | ||
| 010 | _asa 64000653 | ||
| 035 | _a(OCoLC)8933721 | ||
| 040 |
_aDLC _cOAU _dDLC |
||
| 042 | _apremarc | ||
| 050 | 0 | 0 |
_aDS644 _b.P338 |
| 100 | 1 |
_aAidit, D. N., _d1923-1965. |
|
| 245 | 1 | 0 | _aUntuk demokrasi dan kabinet gotong rojong (laporanumum Comite Central Partai Komunis Indonesia kepada Kongres Nasional ke-VI) |
| 260 |
_aDjakarta : _bPembaruan, _c1959. |
||
| 300 |
_a181 p. ; _c18 cm. |
||
| 651 | 0 |
_aIndonesia _xPolitics and government _y1950-1966. |
|
| 610 | 2 | 0 | _aPartai Komunis Indonesia. |
| 999 |
_c56369 _d56369 |
||